[Event "London Classic U1600 op 10th"]
[Site "London"]
[Date "2018.12.15"]
[Round "2"]
[White "Ismail, Mohammed Aayan"]
[Black "Davies, Michael J"]
[Result "1-0"]
[WhiteElo "1585"]
[BlackElo "1287"]
[PlyCount "71"]
[EventDate "2018.12.14"]
[EventType "swiss"]
[EventRounds "5"]
[EventCountry "ENG"]
[SourceTitle "CBM 187 Extra"]
[Source "ChessBase"]
[SourceDate "2018.11.04"]
[SourceVersion "1"]
[SourceVersionDate "2018.11.04"]
[SourceQuality "1"]

1. d4 d5 2. c4 Nf6 3. Nc3 e6 4. Nf3 Bb4 5. e3 0-0 6. Bd3 Nbd7 7. 0-0 Bxc3 8. bxc3 c5 9. cxd5 exd5 10. Bb2 c4 11. Bc2 Nb6 12. a4 Bg4 13. h3 Bxf3 14. Qxf3 Re8 15. Rfe1 Ne4 16. Bxe4 Rxe4 17. Reb1 Qg5 18. Bc1 Re7 19. e4 Qg6 20. e5 Nxa4 21. Ba3 Rd7 22. Bd6 Qc2 23. Rc1 Qd2 24. e6 fxe6 25. Bf4 Qd3 26. Qxd3 cxd3 27. Rxa4 a6 28. Rd1 b5 29. Ra5 Rb7 30. Rxd3 b4 31. cxb4 Rxb4 32. Be5 Rb5 33. Rxb5 axb5 34. Rc3 b4 35. Rc7 g6 36. Rg7+ 1-0